साहित्य का खुला आकाश / (Record no. 111719)

MARC details
000 -LEADER
fixed length control field 01180nam a22002777a 4500
003 - CONTROL NUMBER IDENTIFIER
control field dpl
005 - DATE AND TIME OF LATEST TRANSACTION
control field 20190220110846.0
008 - FIXED-LENGTH DATA ELEMENTS--GENERAL INFORMATION
fixed length control field 190220b ||||| |||| 00| 0 eng d
010 ## - LIBRARY OF CONGRESS CONTROL NUMBER
LC control number A-813659
020 ## - INTERNATIONAL STANDARD BOOK NUMBER
Terms of availability 125.00
International Standard Book Number 8173151938
035 ## - SYSTEM CONTROL NUMBER
System control number A-813659, A-813672
037 ## - SOURCE OF ACQUISITION
Source of stock number/acquisition Cen Lib/Ret
040 ## - CATALOGING SOURCE
Original cataloging agency DPL
Language of cataloging HN
Transcribing agency 0
082 ## - DEWEY DECIMAL CLASSIFICATION NUMBER
Classification number 820.8
Item number मिश्रवि
100 ## - MAIN ENTRY--PERSONAL NAME
Personal name मिश्र, विद्यानिवास
9 (RLIN) 130
245 ## - TITLE STATEMENT
Title साहित्य का खुला आकाश /
Statement of responsibility, etc विद्यानिवास मिश्र
246 ## - VARYING FORM OF TITLE
Title proper/short title Sahitya ka khula akash /
Remainder of title by Vidya Niwas Mishra
260 ## - PUBLICATION, DISTRIBUTION, ETC. (IMPRINT)
Place of publication, distribution, etc नयी दिल्ली
Name of publisher, distributor, etc प्रभात प्रकाशन
Date of publication, distribution, etc 1996
270 ## - ADDRESS
Address ४/१९, असफ अली रोड
City नयी दिल्ली
Postal code 110002
300 ## - PHYSICAL DESCRIPTION
Extent 138पृ.
Dimensions 21सेमी (सजिल्द)
650 ## - SUBJECT ADDED ENTRY--TOPICAL TERM
Topical term or geographic name as entry element हिन्दी साहित्य
9 (RLIN) 110793
650 ## - SUBJECT ADDED ENTRY--TOPICAL TERM
Topical term or geographic name as entry element साहित्य और सर्वधारना
9 (RLIN) 43726
650 ## - SUBJECT ADDED ENTRY--TOPICAL TERM
Topical term or geographic name as entry element Hindi literature
9 (RLIN) 110794
650 ## - SUBJECT ADDED ENTRY--TOPICAL TERM
Topical term or geographic name as entry element Literature and History
9 (RLIN) 22704
942 ## - ADDED ENTRY ELEMENTS (KOHA)
Source of classification or shelving scheme Dewey Decimal Classification
Koha item type Hindi Books
Classification part 820.8
Call number suffix मिश्रवि
Holdings
Withdrawn status Lost status Damaged status Not for loan Home library Current library Date acquired Source of acquisition Cost, normal purchase price Total Checkouts Full call number Barcode Date last seen Date checked out Copy number Cost, replacement price Price effective from Koha item type Source of classification or shelving scheme Collection code
        Central Library Central Library 05/08/2015 Cen Lib/Ret 125.00 2 820.8 मिश्रवि A-813659 22/09/2022 01/07/2022 1 125.00 15/09/2016 Hindi Books    
        Shahdara Branch Shahdara Branch 20/02/2019 BPPD/PUB 125.00   820.8 मिश्रवि A-813672 20/02/2019     125.00 20/02/2019 Hindi Books Dewey Decimal Classification Non-fiction

© Delhi Public Library
Hit Counter
free hit counter